• 首页
  • 本馆介绍
  • 公告通知
  • 最新文献
  • 馆藏检索
  • 电子资源
  • 读者导购
  • 参考咨询
  • 我的图书馆
  • 登录
  • 详细信息显示
  • 放入我的书架
  • 预约/预借图书
  • 作者相关作品
  • 分类相关作品
  • 丛书相关作品
  • 出版社相关作品

书目信息

  • 表格格式
  • 工作单格式
  • 卡片格式
题名:
数字媒体技术与教育应用
    
 
作者: 周红春 主编
分册:   基础篇
出版信息: 北京   北京理工大学出版社  2013
页数: 256页
开本: 26cm
丛书名:
单 册:
中图分类: G434
科图分类:
主题词: 计算机辅助教学--研究 , 计算机辅助教学
电子资源:
ISBN: 978-7-5640-7788-4
000 00870nam0 2200241 450
001 523
005 20140910080849.64
010    @a978-7-5640-7788-4@dCNY38.00
100    @a20131104d2013 em y0chiy50 ea
101 0  @achi
102    @aCN@b110000
105    @aa z 000yy
106    @ar
200 1  @a数字媒体技术与教育应用@AShu Zi Mei Ti Ji Shu Yu Jiao Yu Ying Yong@i基础篇@IJi Chu Pian@f周红春主编@FZhou Hong Chun Zhu Bian
210    @a北京@c北京理工大学出版社@d2013
215    @a256页@c图@d26cm
330    @a本书介绍了现代教育信息技术的基本原理和应用,以及多媒体技术的教学应用,具体包括数字图像技术基础、数字音视频技术基础、数字动画技术基础、网页制作技术基础等。
606 0  @a计算机辅助教学@x研究
606 0  @a计算机辅助教学
690    @aG434@v5
701  0 @a周红春@AZhou Hong Chun@4主编
801  0 @aCN@bTANGWEI@c20140603
905    @b0841055-57@dG434@e108@f3
    
    数字媒体技术与教育应用.基础篇/周红春主编.-北京:北京理工大学出版社,2013
    256页:图;26cm
    
    
    ISBN 978-7-5640-7788-4:CNY38.00
    本书介绍了现代教育信息技术的基本原理和应用,以及多媒体技术的教学应用,具体包括数字图像技术基础、数字音视频技术基础、数字动画技术基础、网页制作技术基础等。
●
相关链接 在E读中查询图书 在五车中查询图书 在当当中查询图书 在豆瓣中查询图书


正题名:数字媒体技术与教育应用     索取号:G434/108         预约/预借

序号 登录号 条形码 馆藏地/架位号 状态 备注
1 0841055   208410557   第一样本阅览室/ [索取号:G434/108] 在馆    
2 0841056   208410566   第四借阅区/ [索取号:G434/108] 在馆    
3 0841057   208410575   第四借阅区/ [索取号:G434/108] 在馆    
唐山师范学院图书馆 欢迎您!
大连网信软件有限公司© 版权所有